| 000 | 00583nam a2200217Ia 4500 | ||
|---|---|---|---|
| 008 | 180628s9999 xx 000 0 und d | ||
| 020 | _a978-971-27-2104-5 | ||
| 050 | _aCUL TX 951 | ||
| 050 | _b.G66 2008 | ||
| 100 | _aGonzalez, Gene. | ||
| 245 | 4 | _aThe Little Philippine bar book 2 / | |
| 245 | 0 | _cGene Gonzalez. | |
| 260 | _aPasig : | ||
| 260 | _bAnvil Publishing, | ||
| 260 | _c2008 | ||
| 300 | _a38 pages : | ||
| 300 | _billustrations ; | ||
| 300 | _c18 cm. | ||
| 650 | _aBartending -- Handbooks, manuals, etc. | ||
| 650 | _xCocktails -- Handbooks, manuals, etc. | ||
| 999 |
_c358108 _d358108 |
||